Normal view
MARC view
Entry Personal Name
001 - CONTROL NUMBER
- control field: 1237791
003 - CONTROL NUMBER IDENTIFIER
- control field: OSt
005 - DATE AND TIME OF LATEST TRANSACTION
- control field: 20260430150533.0
008 - FIXED-LENGTH DATA ELEMENTS
- fixed length control field: 260430|| aca||aabn | a|a d
040 ## - CATALOGING SOURCE
- Original cataloging agency: OSt
- Transcribing agency: OSt
100 ## - HEADING--PERSONAL NAME
- Personal name: Neogi Soumyadeep Au.; Aneja Anil Kumar Gu
670 ## - SOURCE DATA FOUND
- Source citation: Work cat.: (OSt)1850025: Neogi Soumyadeep Au.; Aneja Anil Kumar Gu., Voices of Resistance from the Valley: Kashmiri Literature in English, 2024
